| 000 | 00735nam a22002057a 4500 | ||
|---|---|---|---|
| 999 |
_c662 _d662 |
||
| 003 | AR-CdUCM | ||
| 008 | 190225b ||||| |||| 00| 0 spa d | ||
| 040 |
_aMUNICIPALIDAD PROVINCIAL DEL CUSCO _cBIBLIOTECA MUNICIPAL DEL CUSCO |
||
| 082 |
_21ra. ed. _a869.4.4 / _bB46 |
||
| 100 |
_aBerthin Amegual, Fernando _92576 |
||
| 245 |
_aSugerencias : _bdel viento y del amor (poemas) / _cBerthin Amegual, Fernando |
||
| 260 |
_aOruro, Bolivia: _bUniversitaria , _c1958. |
||
| 300 |
_a34 paginas : _c19 cm. |
||
| 505 | _aPoesia Indigenista -- Poetica Matematica... | ||
| 650 |
_aPoesia Latinoamericana. _92147 |
||
| 650 |
_aPoesia Boliviana. _92577 |
||
| 700 |
_aBerthin Amegual, Fernando _92576 |
||
| 942 |
_2ddc _cLIBROS |
||
| 945 |
_artm _d2019-02-25 |
||